| 000 | 00911cam a2200253 4500 | ||
|---|---|---|---|
| 999 |
_c34783 _d34783 |
||
| 001 | a3311792 | ||
| 003 | OSt | ||
| 005 | 20240318232040.0 | ||
| 008 | 080211s2020 arg spa | ||
| 020 | _a978-84-17602-65-9 | ||
| 040 |
_aSpMaBN _bspa _cBMC _erdc |
||
| 082 | _a611.018 | ||
| 100 | 1 |
_98140 _aRoss, Michael H. _d1930-2009 |
|
| 245 | 1 | 0 |
_aHistología _b: texto y atlas color, correlación con biología celular y molecular _cMichael H. Ross, Wojciech Pawlina ; [traducción, Gustavo Arturo Mezzano, et al] |
| 250 | _a8ª ed | ||
| 260 |
_aPhiladelhia [etc.] _bWolters Kluwer _c2020 |
||
| 300 |
_aXVI, 1045 p. _bil. col. y n. _c28 cm |
||
| 500 | _aEn la cub.: incluye libro electrónico gratuito en español | ||
| 594 | _1Traducción de: Histology | ||
| 650 | 2 | 4 |
_aHistología _97970 |
| 700 | 1 |
_98139 _aPawlina, Wojciech |
|
| 700 | 1 |
_948277 _aMezzano, Gustavo Arturo |
|
| 942 |
_2ddc _cBK _hprozim |
||